Music Quiz

Random Music or Song Quiz

Madonna #1 Singles Quiz Stats

 Plays Quiz Updated Feb 25, 2019

Score 0/12 Timer 05:00
1 Play Today
Year Song % Correct
1984Like A Virgin
94.4%
1990Vogue
73.6%
1989Like A Prayer
69.2%
1986Papa Don't Preach
56.9%
2000Music
47.5%
1985Crazy For You
23.8%
1991Justify My Love
22.8%
1987Open Your Heart
21.9%
1995Take A Bow
21.5%
1986Live To Tell
19.9%
1987Who's That Girl
17.7%
1992This Used To Be My Playground
17%

You're not logged in!

Compare scores with friends on all Sporcle quizzes.
OR
Log In

Sporcle TV

Today on Sporcle TV


Watch our educational content, quiz creation guides, and fun videos on Sporcle TV.

Show Comments

Extras

Top Quizzes Today


Score Distribution

Your Account Isn't Verified!

In order to create a playlist on Sporcle, you need to verify the email address you used during registration. Go to your Sporcle Settings to finish the process.

Report this User

Report this user for behavior that violates our Community Guidelines.

Details: